| 000 | 00703nam a2200229Ia 4500 | ||
|---|---|---|---|
| 003 | GCL | ||
| 008 | 140319s9999 xx 000 0 ara d | ||
| 040 |
_aGCL / _cGCL |
||
| 082 | 0 | 4 |
_aط _b813.081 _bح ظ |
| 100 | 1 | _aمحمد احمد برانق | |
| 245 | 1 | 0 |
_aالظاهر بيبرس / _cمحمد احمد برانق |
| 700 | 1 | _aامين احمد العطار | |
| 700 | 1 | _aحسن محمد جوهر | |
| 260 |
_aالقاهرة : _bدار المعارف ، _c1992 |
||
| 300 |
_aمتعدد ؛ _c20 سم |
||
| 490 |
_aالقصص الشعبى _v0 |
||
| 650 | 0 | 4 | _aقصص البطولات |
| 650 | 0 | 4 | _aالاطفال |
| 650 | 0 | 4 | _aالقصص |
| 650 | 0 | 4 | _aقصص الاطفال |
| 942 |
_2ddc _cBK |
||
| 999 |
_c56776 _d56776 |
||